[Event "35th POL-ch"]
[Site "Krakow POL"]
[Date "1978.??.??"]
[Round "4"]
[White "Witkowski, Stefan"]
[Black "Sznapik, Aleksander"]
[Result "1/2-1/2"]
[WhiteElo "2365"]
[BlackElo "2430"]
[EventDate "1978.??.??"]
[PlyCount "40"]

1.d4 Nf6 2.Nf3 e6 3.Bf4 c5 4.c3 Be7 5.h3 b6 6.e3 Bb7 7.Nbd2 O-O 8.Be2 cxd4
9.cxd4 d5 10.O-O Nbd7 11.Ne5 Nxe5 12.Bxe5 Ne4 13.Nxe4 dxe4 14.Rc1 Bd6 15.
Bxd6 Qxd6 16.Qa4 Rfc8 17.Ba6 Bxa6 18.Qxa6 Qd7 19.Rc3 Rxc3 20.bxc3 Qc8 
1/2-1/2

[Event "35th POL-ch"]
[Site "Krakow POL"]
[Date "1978.??.??"]
[Round "5"]
[White "Bielczyk, Jacek"]
[Black "Witkowski, Stefan"]
[Result "1-0"]
[WhiteElo "2380"]
[BlackElo "2365"]
[EventDate "1978.??.??"]
[PlyCount "96"]

1.e4 c5 2.Nf3 Nc6 3.d4 cxd4 4.Nxd4 Nf6 5.Nc3 e6 6.Nxc6 bxc6 7.e5 Nd5 8.Ne4
Qc7 9.f4 Ba6 10.c4 Bb4+ 11.Kf2 Qb6+ 12.Kf3 f5 13.exf6 Nxf6 14.c5 Qa5 15.
Nxf6+ gxf6 16.Bxa6 Qxa6 17.Qd4 Qb5 18.Be3 O-O-O 19.Rac1 Ba5 20.Rhd1 Bc7 
21.a4 Qb7 22.Qc4 e5 23.Rc3 a6 24.Rb3 Qa8 25.f5 h5 26.Qf7 Rhf8 27.Qxh5 a5 
28.Qg4 Qa6 29.Qe4 Rh8 30.Kf2 Rh5 31.Rdd3 Rdh8 32.Qg4 Bd8 33.Kg1 Rh4 34.Qe2
Rxa4 35.Rd2 Ra1+ 36.Kf2 Qxe2+ 37.Kxe2 Rh5 38.Rbd3 Rh7 39.Bf2 Bc7 40.Rg3 
Rc1 41.Rg8+ Kb7 42.Be3 Rh4 43.Rf8 e4 44.Rxf6 Be5 45.Rf8 Kc7 46.f6 Rh5 47.
Rf7 Rf5 48.Rdxd7+ Kc8 1-0

[Event "35th POL-ch"]
[Site "Krakow POL"]
[Date "1978.??.??"]
[Round "5"]
[White "Dobrzynski, Wojciech"]
[Black "Lipski, Tadeusz"]
[Result "1-0"]
[WhiteElo "2315"]
[BlackElo "2310"]
[EventDate "1978.??.??"]
[PlyCount "97"]

1.Nf3 Nf6 2.g3 d5 3.Bg2 g6 4.b3 Bg7 5.Bb2 O-O 6.c4 dxc4 7.bxc4 c5 8.O-O 
Nc6 9.d3 Bg4 10.Nbd2 Qc7 11.Rb1 Rad8 12.Re1 h6 13.Bc3 e5 14.Qb3 Bc8 15.Qb2
Nh5 16.Nf1 f5 17.Ne3 Rde8 18.Nd2 Kh7 19.Nd5 Qd6 20.e3 g5 21.g4 Nf6 22.gxf5
Bxf5 23.Qxb7 Ng4 24.Ne4 Qg6 25.h3 Rf7 26.Qa6 Bc8 27.Qa4 h5 28.hxg4 Bxg4 
29.Ndf6+ Bxf6 30.Qxc6 Re6 31.Qd5 Bg7 32.Rb7 Rxb7 33.Qxb7 h4 34.Kh2 Kh6 35.
Qc7 Qf5 36.Rb1 Bf3 37.Rb7 Rg6 38.Qd7 Bxe4 39.dxe4 Qxf2 40.Qg4 Qxa2 41.Rb2 
Qxc4 42.Bf3 Kh7 43.Qh5+ Rh6 44.Qxg5 Qf7 45.Bg4 Rb6 46.Bf5+ Kg8 47.Rd2 Qf6 
48.Rd8+ Kf7 49.Qh5+ 1-0

[Event "35th POL-ch"]
[Site "Krakow POL"]
[Date "1978.??.??"]
[Round "5"]
[White "Doda, Zbigniew"]
[Black "Adamski, Andrzej"]
[Result "0-1"]
[WhiteElo "2405"]
[BlackElo "2365"]
[EventDate "1978.??.??"]
[PlyCount "70"]

1.Nf3 d6 2.g3 g6 3.Bg2 Bg7 4.O-O Nf6 5.c4 O-O 6.Nc3 c6 7.d4 Nbd7 8.h3 Rb8 
9.d5 Nb6 10.Nd2 Bd7 11.a4 a5 12.Qb3 e5 13.Nde4 Nxe4 14.Nxe4 c5 15.Bg5 f6 
16.Bd2 Nc8 17.g4 b6 18.Kh1 Kh8 19.f4 f5 20.gxf5 gxf5 21.Ng3 Qh4 22.Be1 Qh6
23.e3 Ne7 24.Qc2 Ng6 25.Bc3 Nh4 26.Kh2 Rg8 27.Bh1 Rbf8 28.Rf2 Ng6 29.Raf1 
Nh4 30.Qd1 exf4 31.Bxg7+ Rxg7 32.Nh5 fxe3 33.Nxg7 exf2 34.Ne6 f4 35.Bg2 f3
0-1

[Event "35th POL-ch"]
[Site "Krakow POL"]
[Date "1978.??.??"]
[Round "5"]
[White "Kruszynski, Wlodzimierz"]
[Black "Pinkas, Karol"]
[Result "1-0"]
[WhiteElo "2265"]
[BlackElo "2360"]
[EventDate "1978.??.??"]
[PlyCount "129"]

1.e4 e6 2.d4 d5 3.Nd2 Nf6 4.e5 Nfd7 5.Bd3 c5 6.c3 Nc6 7.Ne2 cxd4 8.cxd4 f6
9.exf6 Nxf6 10.Nf3 Bd6 11.O-O Qc7 12.Nc3 a6 13.Bg5 Ng4 14.h3 Nh6 15.Qb1 
Nf7 16.Bxh7 Nxd4 17.Nxd4 Bh2+ 18.Kh1 Nxg5 19.Qg6+ Kf8 20.Qxg5 Be5 21.Ncb5 
axb5 22.Rac1 Bf4 23.Rxc7 Bxg5 24.Rxc8+ Rxc8 25.Nxe6+ Ke7 26.Nxg5 Kf6 27.f4
g6 28.h4 Rc4 29.b3 Rd4 30.g3 Rd2 31.f5 gxf5 32.Rxf5+ Ke7 33.Re5+ Kd7 34.h5
Ra8 35.Nf3 Rf2 36.Rxd5+ Ke6 37.Be4 Raxa2 38.Rd1 Ke7 39.h6 Rfe2 40.h7 Ra8 
41.Re1 Rxe1+ 42.Nxe1 Kf6 43.Nd3 Kg7 44.Kg2 b4 45.Nf4 Ra6 46.Kf3 b5 47.g4 
Kh8 48.Ne2 Rh6 49.g5 Rh3+ 50.Ng3 Rh2 51.g6 Rd2 52.Ke3 Rd1 53.Ne2 Rd6 54.
Nf4 Ra6 55.Bd5 Ra1 56.Bf7 Rg1 57.Ke4 Rg5 58.Nd5 Rg3 59.Nc7 Rg5 60.Kd4 Rf5 
61.Nd5 Rf3 62.Nxb4 Rg3 63.Kc5 Rg5+ 64.Nd5 Rg3 65.b4 1-0

[Event "35th POL-ch"]
[Site "Krakow POL"]
[Date "1978.??.??"]
[Round "5"]
[White "Kuligowski, Adam"]
[Black "Adamski, Jan"]
[Result "1-0"]
[WhiteElo "2310"]
[BlackElo "2470"]
[EventDate "1978.??.??"]
[PlyCount "55"]

1.d4 Nf6 2.c4 e6 3.Nf3 b6 4.g3 Bb7 5.Bg2 c5 6.d5 exd5 7.Ng5 
    ( 7.Nh4 )
7...Nc6 
    ( 7...Be7 )
8.cxd5 Ne5 9.Nc3 Be7 10.O-O d6 11.b3 O-O 12.Nh3 a6 13.e4 b5 14.Qc2 Re8 
    ( 14...Ne8 $142 {/\ Bf6} )
15.Bb2 Rc8 $2 
    ( 15...Ned7 )
16.Nd1 $1 Nfd7 17.Ne3 Bf6 18.Nf5 Nb6 19.f4 Ng4 20.Bf3 Bxb2 21.Qxb2 Nf6 22.
g4 $1 c4 $2 
    ( 22...Rf8 23.g5 Ne8 )
23.g5 c3 24.Qf2 Nxe4 25.Qd4 Nf6 26.gxf6 gxf6 27.Kh1 c2 28.Qg1+ 1-0

[Event "35th POL-ch"]
[Site "Krakow POL"]
[Date "1978.??.??"]
[Round "5"]
[White "Pokojowczyk, Jerzy"]
[Black "Gralka, Julian"]
[Result "1/2-1/2"]
[WhiteElo "2385"]
[BlackElo "2330"]
[EventDate "1978.??.??"]
[PlyCount "28"]

1.e4 c5 2.Nc3 Nc6 3.g3 g6 4.d3 Bg7 5.Be3 d6 6.Qd2 e6 7.Bg2 Nge7 8.Bh6 O-O 
9.Bxg7 Kxg7 10.Nge2 e5 11.O-O Be6 12.Nd5 Qd7 13.Nxe7 Qxe7 14.f4 f5 1/2-1/2

[Event "35th POL-ch"]
[Site "Krakow POL"]
[Date "1978.??.??"]
[Round "5"]
[White "Schmidt, Wlodzimierz"]
[Black "Swic, Waldemar"]
[Result "1/2-1/2"]
[WhiteElo "2505"]
[BlackElo "2275"]
[EventDate "1978.??.??"]
[PlyCount "43"]

1.Nf3 Nf6 2.c4 g6 3.g3 Bg7 4.Bg2 O-O 5.O-O d5 6.cxd5 Nxd5 7.d4 Nb6 8.Nc3 
Nc6 9.e3 a5 10.Qe2 Be6 11.Rd1 Bc4 12.Qc2 Nb4 13.Qb1 a4 14.e4 c5 15.dxc5 
Bd3 16.Rxd3 Nxd3 17.cxb6 a3 18.e5 Rc8 19.Qc2 Qxb6 20.bxa3 Rfd8 21.Be3 Qa5 
22.Bd4 1/2-1/2

[Event "35th POL-ch"]
[Site "Krakow POL"]
[Date "1978.??.??"]
[Round "5"]
[White "Sydor, Andrzej"]
[Black "Pytel, Krzysztof"]
[Result "1/2-1/2"]
[WhiteElo "2395"]
[BlackElo "2390"]
[EventDate "1978.??.??"]
[PlyCount "35"]

1.Nf3 Nf6 2.d4 g6 3.g3 Bg7 4.Bg2 O-O 5.O-O d5 6.c4 dxc4 7.Na3 Nc6 8.Nxc4 
Be6 9.b3 Bd5 10.Bb2 a5 11.Rc1 a4 12.bxa4 Ra6 13.Nfe5 Bxg2 14.Kxg2 Qa8 15.
Nxc6 bxc6 16.Na3 c5+ 17.Kg1 cxd4 18.Qxd4 1/2-1/2

[Event "35th POL-ch"]
[Site "Krakow POL"]
[Date "1978.??.??"]
[Round "5"]
[White "Sznapik, Aleksander"]
[Black "Skrobek, Ryszard"]
[Result "1-0"]
[WhiteElo "2430"]
[BlackElo "2460"]
[EventDate "1978.??.??"]
[PlyCount "171"]

1.Nf3 Nf6 2.c4 e6 3.g3 d5 4.Bg2 dxc4 5.O-O c6 6.a4 Na6 7.Na3 Bxa3 8.Rxa3 
Nb4 9.a5 c5 10.b3 cxb3 11.Qxb3 Bd7 12.d4 Bc6 13.dxc5 Na6 14.Rd1 Qe7 15.Ne5
O-O 16.Nxc6 bxc6 17.Qc4 Rfd8 18.Rad3 Rxd3 19.Qxd3 Nxc5 20.Qa3 Qf8 21.Bxc6 
Rc8 22.Bf3 Ncd7 23.Qxf8+ Kxf8 24.Be3 Rc7 25.a6 Ke7 26.Rb1 Nd5 27.Bxd5 exd5
28.Rb7 Rc4 29.Rxa7 d4 30.Bf4 Ra4 31.Kg2 f6 32.h4 Ke6 33.Ra8 Nb6 34.Ra7 Nd7
35.Kf3 g6 36.Bc7 h6 37.Ra8 Ra3+ 38.Kg2 h5 39.Bd8 Kd5 40.Rc8 Kd6 41.Bc7+ 
Kd5 42.Ra8 Kc6 43.Bf4 Nb6 44.Rg8 Rxa6 45.Rxg6 Nd5 46.Rh6 Nxf4+ 47.gxf4 Kd5
48.Kf3 Ra3+ 49.e3 Ke6 50.Rxh5 d3 51.Rh8 Ke7 52.Rb8 Ra1 53.Rb2 Rd1 54.Rb4 
Kf7 55.f5 Kg7 56.Rb7+ Kf8 57.Rd7 Ke8 58.Rd4 Ke7 59.Ke4 d2 60.Kf3 Rh1 61.
Rxd2 Rxh4 62.Kg3 Ra4 63.f4 Ra1 64.Kf3 Ra5 65.Ke4 Ra4+ 66.Rd4 Ra2 67.Rb4 
Ra7 68.Rb6 Ra4+ 69.Kf3 Ra7 70.Kg4 Kf7 71.Kh5 Rc7 72.Re6 Ra7 73.e4 Ra4 74.
e5 fxe5 75.fxe5 Re4 76.Kg5 Re1 77.Rb6 Rxe5 78.Rb7+ Ke8 79.Kf6 Re1 80.Rb8+ 
Kd7 81.Kf7 Re7+ 82.Kg6 Re1 83.f6 Rg1+ 84.Kf7 Rh1 85.Rb2 Rd1 86.Rg2 1-0

[Event "35th POL-ch"]
[Site "Krakow POL"]
[Date "1978.??.??"]
[Round "6"]
[White "Adamski, Andrzej"]
[Black "Witkowski, Stefan"]
[Result "1/2-1/2"]
[WhiteElo "2365"]
[BlackElo "2365"]
[EventDate "1978.??.??"]
[PlyCount "47"]

1.e4 c5 2.c3 d5 3.exd5 Qxd5 4.d4 cxd4 5.cxd4 Nc6 6.Nf3 e5 7.Nc3 Bb4 8.Bd2 
Bxc3 9.Bxc3 e4 10.Ne5 Nxe5 11.dxe5 Ne7 12.Qc2 O-O 13.Rd1 Qxa2 14.Qxe4 Bf5 
15.Qxb7 Rad8 16.Qxe7 Rxd1+ 17.Kxd1 Qb1+ 18.Kd2 Qc2+ 19.Ke1 Qb1+ 20.Kd2 
Qc2+ 21.Ke1 Qb1+ 22.Kd2 Qc2+ 23.Ke1 Qb1+ 24.Kd2 1/2-1/2

[Event "35th POL-ch"]
[Site "Krakow POL"]
[Date "1978.??.??"]
[Round "6"]
[White "Adamski, Jan"]
[Black "Schmidt, Wlodzimierz"]
[Result "1/2-1/2"]
[WhiteElo "2470"]
[BlackElo "2505"]
[EventDate "1978.??.??"]
[PlyCount "34"]

1.c4 g6 2.e4 Bg7 3.d4 d6 4.Nc3 Nf6 5.Be2 O-O 6.Bg5 c5 7.dxc5 Qa5 8.Bd2 
Qxc5 9.Nf3 Bg4 10.Be3 Qa5 11.O-O Nc6 12.a3 Rfc8 13.b4 Qd8 14.Qb3 Nd7 15.
Rac1 Nce5 16.Nxe5 Bxe2 17.Nxe2 Nxe5 1/2-1/2

[Event "35th POL-ch"]
[Site "Krakow POL"]
[Date "1978.??.??"]
[Round "6"]
[White "Doda, Zbigniew"]
[Black "Kuligowski, Adam"]
[Result "1/2-1/2"]
[WhiteElo "2405"]
[BlackElo "2310"]
[EventDate "1978.??.??"]
[PlyCount "45"]

1.Nf3 Nf6 2.c4 b6 3.g3 Bb7 4.Bg2 e6 5.O-O Be7 6.b3 O-O 7.Bb2 d5 8.cxd5 
exd5 9.d4 Re8 10.Nc3 Nbd7 11.Rc1 Bf8 12.Ne5 Nxe5 13.dxe5 Rxe5 14.Nb5 Re7 
15.Bxf6 gxf6 16.e3 c6 17.Qg4+ Bg7 18.Rcd1 Qd7 19.Qxd7 Rxd7 20.Bh3 Re7 21.
Bg2 Rd7 22.Bh3 Re7 23.Bg2 1/2-1/2

[Event "35th POL-ch"]
[Site "Krakow POL"]
[Date "1978.??.??"]
[Round "6"]
[White "Gralka, Julian"]
[Black "Kruszynski, Wlodzimierz"]
[Result "1/2-1/2"]
[WhiteElo "2330"]
[BlackElo "2265"]
[EventDate "1978.??.??"]
[PlyCount "39"]

1.d4 Nf6 2.c4 e6 3.Nc3 Bb4 4.g3 c5 5.Nf3 cxd4 6.Nxd4 Ne4 7.Qd3 Qa5 8.Nb3 
Nxc3 9.Bd2 Qe5 10.bxc3 Be7 11.Bg2 Nc6 12.O-O O-O 13.Bf4 Qf6 14.Nd2 e5 15.
Be3 Qg6 16.Qxg6 hxg6 17.c5 d6 18.cxd6 Bxd6 19.Nc4 Bc7 20.Rfd1 1/2-1/2

[Event "35th POL-ch"]
[Site "Krakow POL"]
[Date "1978.??.??"]
[Round "6"]
[White "Lipski, Tadeusz"]
[Black "Sydor, Andrzej"]
[Result "1/2-1/2"]
[WhiteElo "2310"]
[BlackElo "2395"]
[EventDate "1978.??.??"]
[PlyCount "124"]

1.e4 e5 2.Nf3 Nc6 3.c3 f5 4.d4 fxe4 5.Nxe5 Qf6 6.Ng4 Qg6 7.Bf4 d5 8.Ne3 
Qf7 9.Bg3 Nf6 10.Qb3 Bd6 11.Bxd6 cxd6 12.Be2 O-O 13.O-O Ne7 14.Na3 Ng6 15.
f4 Bd7 16.Nac2 Bc6 17.a4 a5 18.Nf5 Qd7 19.Nce3 Ne7 20.Nh4 g6 21.h3 Kg7 22.
Kh2 h6 23.g3 Rf7 24.Nhg2 Raf8 25.Qc2 Qc8 26.Bb5 Bd7 27.Bxd7 Qxd7 28.Qe2 b6
29.Ra3 Rb8 30.Rb3 Ne8 31.Ra1 Nc7 32.c4 Qe6 33.Rc3 dxc4 34.Rxc4 Ncd5 35.Rd1
Rff8 36.Re1 Nxe3 37.Nxe3 Rfc8 38.d5 Nxd5 39.Nxd5 Qxd5 40.Rxe4 Rf8 41.Rd1 
Qc6 42.Re7+ Rf7 43.Re6 Rd8 44.Qd3 Rf6 45.Qd4 Qc2+ 46.Rd2 Qxd2+ 47.Qxd2 
Rxe6 48.Qd4+ Kf7 49.Qxb6 Re2+ 50.Kg1 Rde8 51.Kf1 Rd2 52.Qb5 d5 53.g4 Re4 
54.f5 gxf5 55.Qd7+ Re7 56.Qxf5+ Kg7 57.Qc8 d4 58.Qc5 Ree2 59.Qa7+ Kh8 60.
Qb8+ Kg7 61.Qc7+ Kh8 62.Qf4 d3 1/2-1/2

[Event "35th POL-ch"]
[Site "Krakow POL"]
[Date "1978.??.??"]
[Round "6"]
[White "Pinkas, Karol"]
[Black "Dobrzynski, Wojciech"]
[Result "1-0"]
[WhiteElo "2360"]
[BlackElo "2315"]
[EventDate "1978.??.??"]
[PlyCount "87"]

1.e4 e5 2.Nf3 Nc6 3.Bb5 a6 4.Ba4 Nf6 5.O-O Be7 6.Re1 b5 7.Bb3 d6 8.c3 O-O 
9.h3 Nb8 10.d4 Nbd7 11.Nbd2 Bb7 12.Bc2 Re8 13.Nf1 Bf8 14.Ng3 g6 15.a4 c5 
16.d5 Nb6 17.b3 bxa4 18.bxa4 Qc7 19.Bg5 Bg7 20.Qc1 Bc8 21.Bh6 Nc4 22.Nh4 
Bh8 23.Ra2 Na5 24.Rf1 c4 25.f4 Nd7 26.f5 Qd8 27.fxg6 hxg6 28.Bg5 Qb6+ 29.
Kh2 Nf8 30.Qe1 Nh7 31.Bh6 Qc7 32.Nh5 g5 33.Qg3 Qe7 34.Nf5 Bxf5 35.Rxf5 f6 
36.h4 Qf7 37.Bxg5 Nxg5 38.Bd1 Qg6 39.hxg5 Ra7 40.Kg1 Rf8 41.Qe3 Rh7 42.
gxf6 Qh6 43.Rg5+ Kf7 44.Rg7+ 1-0

[Event "35th POL-ch"]
[Site "Krakow POL"]
[Date "1978.??.??"]
[Round "6"]
[White "Pytel, Krzysztof"]
[Black "Sznapik, Aleksander"]
[Result "1-0"]
[WhiteElo "2390"]
[BlackElo "2430"]
[EventDate "1978.??.??"]
[PlyCount "65"]

1.c4 Nf6 2.Nc3 c5 3.g3 g6 4.Bg2 Bg7 5.e3 O-O 6.Nge2 d6 7.d4 Na6 $6 
    ( 7...Nc6 )
8.O-O Rb8 9.b3 Bd7 10.Bb2 Nc7 11.Qd2 cxd4 12.Nxd4 a6 13.Rac1 b5 14.Nd5 $1 
Nfe8 
    ( 14...Ncxd5 15.cxd5 )
    ( 14...bxc4 15.Nxc7 Qxc7 16.Rxc4 $16 )
15.Nb4 Bxd4 16.Qxd4 Nf6 17.cxb5 Rxb5 18.Rfd1 a5 19.Nc6 Bxc6 20.Rxc6 Ne6 
21.Qd3 Rf5 $2 
    ( 21...Rc5 )
22.e4 Rc5 23.Rxc5 Nxc5 24.Qc4 Ncd7 25.e5 $1 Ne8 26.Bh3 Nb8 27.Qd4 f6 28.
Rc1 $1 fxe5 29.Qd5+ Kg7 30.Qb7 $1 a4 31.b4 a3 32.Ba1 d5 33.Bxe5+ 1-0

[Event "35th POL-ch"]
[Site "Krakow POL"]
[Date "1978.??.??"]
[Round "6"]
[White "Skrobek, Ryszard"]
[Black "Bielczyk, Jacek"]
[Result "1/2-1/2"]
[WhiteElo "2460"]
[BlackElo "2380"]
[EventDate "1978.??.??"]
[PlyCount "22"]

1.e4 c5 2.Nf3 Nc6 3.Bb5 g6 4.O-O Bg7 5.Re1 Nf6 6.e5 Nd5 7.Nc3 Nc7 8.Bxc6 
dxc6 9.h3 Ne6 10.d3 O-O 11.b3 b6 1/2-1/2

[Event "35th POL-ch"]
[Site "Krakow POL"]
[Date "1978.??.??"]
[Round "6"]
[White "Swic, Waldemar"]
[Black "Pokojowczyk, Jerzy"]
[Result "1-0"]
[WhiteElo "2275"]
[BlackElo "2385"]
[EventDate "1978.??.??"]
[PlyCount "73"]

1.e4 c5 2.Nf3 d6 3.d4 Nf6 4.Nc3 cxd4 5.Nxd4 a6 6.Bg5 Nbd7 7.Bc4 Qa5 8.Qd2 
e6 9.O-O-O b5 10.Bb3 Bb7 11.Rhe1 O-O-O 12.f3 h6 13.Be3 Be7 14.Kb1 Kb8 15.
Qf2 Rc8 16.h4 Nc5 17.a3 Rc7 18.g4 Rhc8 19.g5 hxg5 20.hxg5 Nfd7 21.g6 b4 
22.axb4 Qxb4 23.gxf7 Bf6 24.Na2 Qa5 25.Nc1 Nf8 26.Nd3 Nxb3 27.Nxb3 Qa4 28.
Rd2 Rxf7 29.Qg3 e5 30.Ndc1 Rc6 31.Red1 Rfc7 32.c3 Be7 33.Qxg7 Bc8 34.Rd5 
Rc4 35.Na5 Be6 36.b3 Qa3 37.Nxc4 1-0

[Event "35th POL-ch"]
[Site "Krakow POL"]
[Date "1978.??.??"]
[Round "7"]
[White "Bielczyk, Jacek"]
[Black "Pytel, Krzysztof"]
[Result "1/2-1/2"]
[WhiteElo "2380"]
[BlackElo "2390"]
[EventDate "1978.??.??"]
[PlyCount "27"]

1.e4 e5 2.Nf3 Nc6 3.Bb5 d6 4.d4 Bd7 5.O-O exd4 6.Nxd4 g6 7.c4 Bg7 8.Nb3 a6
9.Bxc6 Bxc6 10.Nc3 Nf6 11.Na5 O-O 12.Nxc6 bxc6 13.Qc2 Re8 14.Bd2 1/2-1/2

[Event "35th POL-ch"]
[Site "Krakow POL"]
[Date "1978.??.??"]
[Round "7"]
[White "Dobrzynski, Wojciech"]
[Black "Gralka, Julian"]
[Result "1/2-1/2"]
[WhiteElo "2315"]
[BlackElo "2330"]
[EventDate "1978.??.??"]
[PlyCount "23"]

1.Nf3 Nf6 2.g3 g6 3.b3 Bg7 4.Bb2 O-O 5.Bg2 d6 6.d4 Nbd7 7.O-O e5 8.dxe5 
Ng4 9.Na3 Ngxe5 10.Nxe5 Nxe5 11.Rb1 c6 12.Qd2 1/2-1/2

[Event "35th POL-ch"]
[Site "Krakow POL"]
[Date "1978.??.??"]
[Round "7"]
[White "Kruszynski, Wlodzimierz"]
[Black "Swic, Waldemar"]
[Result "1/2-1/2"]
[WhiteElo "2265"]
[BlackElo "2275"]
[EventDate "1978.??.??"]
[PlyCount "126"]

1.e4 g6 2.d4 Bg7 3.Nc3 d6 4.Nf3 Nf6 5.Be2 O-O 6.O-O Bg4 7.Be3 Nc6 8.Qd2 
Re8 9.d5 Bxf3 10.Bxf3 Ne5 11.Be2 c6 12.dxc6 bxc6 13.h3 a5 14.Rad1 Qc7 15.
f4 Ned7 16.Bf3 a4 17.Kh1 Reb8 18.b3 axb3 19.axb3 Ne8 20.e5 Rd8 21.exd6 
Nxd6 22.Na4 Nf5 23.Qe1 e5 24.Bg4 Nxe3 25.Qxe3 f5 26.Be2 Re8 27.fxe5 Rxe5 
28.Qd2 Nf6 29.Nc3 Rae8 30.Bf3 Re3 31.Rfe1 f4 32.Rxe3 Rxe3 33.Ne2 Qe5 34.
Qd8+ Bf8 35.Ng1 c5 36.Kh2 Qe7 37.Qb8 g5 38.Bd5+ Kg7 39.Nf3 h6 40.Bc4 Qe8 
41.Qc7+ Qe7 42.Qc8 h5 43.Nxg5 Ng4+ 44.hxg4 Qxg5 45.Rd7+ Be7 46.Qg8+ Kh6 
47.Qh8+ Kg6 48.Bd3+ Kf7 49.Qxh5+ Qxh5+ 50.gxh5 Kg7 51.Rd5 Kh8 52.Rf5 Re6 
53.Kh3 Re3+ 54.Kg4 Rg3+ 55.Kxf4 Rxg2 56.Ke5 Rg5 57.Rxg5 Bxg5 58.Kd5 Be3 
59.Be2 Kg7 60.Ke4 Bg1 61.Bf3 Kh6 62.Kd5 Bf2 63.Bg2 Kg7 1/2-1/2

[Event "35th POL-ch"]
[Site "Krakow POL"]
[Date "1978.??.??"]
[Round "7"]
[White "Kuligowski, Adam"]
[Black "Adamski, Andrzej"]
[Result "0-1"]
[WhiteElo "2310"]
[BlackElo "2365"]
[EventDate "1978.??.??"]
[PlyCount "56"]

1.c4 e5 2.Nc3 d6 3.Nf3 Bg4 4.e3 Nd7 5.Be2 Ngf6 6.h3 Bh5 7.d4 Be7 8.O-O O-O
9.b3 c6 10.Bb2 Re8 11.Rc1 Bf8 12.b4 e4 13.Nd2 Bg6 14.c5 d5 15.b5 Re6 16.
Rb1 Ne8 17.Ba3 Qh4 18.bxc6 bxc6 19.Rb7 Ndf6 20.Re1 Bf5 21.Nf1 g6 22.Ba6 
Bh6 23.Bb4 Nh5 24.Ba5 Rf6 25.Rb2 Bxh3 $5 26.gxh3 Rf3 
    ( 26...Rb8 )
27.Nh2 
    ( 27.Ng3 Nxg3 28.fxg3 Rxg3+ 29.Rg2 Rxh3 30.Kf1 Rf3+ $44 )
27...Rb8 28.Rxb8 $4 
    ( 28.Qxf3 $1 )
    ( 28.Ree2 $2 Rxh3 29.f4 exf3 30.Rxb8 Bxe3+ $1 31.Rxe3 Qg3+ 32.Kf1 Qg2+
    33.Ke1 f2+ )
    ( 28.Rc2 $2 Rxh3 29.f4 exf3 30.Bf1 Qg5+ )
28...Qxf2+ 0-1

[Event "35th POL-ch"]
[Site "Krakow POL"]
[Date "1978.??.??"]
[Round "7"]
[White "Pokojowczyk, Jerzy"]
[Black "Adamski, Jan"]
[Result "0-1"]
[WhiteElo "2385"]
[BlackElo "2470"]
[EventDate "1978.??.??"]
[PlyCount "92"]

1.e4 c5 2.Nf3 e6 3.d4 cxd4 4.Nxd4 a6 5.Bd3 Nf6 6.O-O d6 7.Qe2 Be7 8.c4 O-O
9.Nc3 Bd7 10.f4 Nc6 11.Nf3 e5 12.f5 Nd4 13.Qf2 Rc8 14.Kh1 b5 15.Nxd4 bxc4 
16.Be2 exd4 17.Qxd4 Qc7 18.Be3 Rfe8 19.Rac1 Qb7 20.Bxc4 Qxb2 21.Bxa6 Rc6 
22.Bd3 Rec8 23.Rc2 Qb8 24.Rfc1 Bd8 25.Qa7 Qb4 26.Rb1 Qa5 27.Qxa5 Bxa5 28.
Nb5 Rxc2 29.Nxd6 R2c3 30.Nxc8 Rxd3 31.Ne7+ Kf8 32.Bc5 Nxe4 33.Rb8+ Bc8 34.
Rxc8+ Bd8 35.Nd5+ Ke8 36.Ne3 Nxc5 37.Rxc5 Rxe3 38.Kg1 Re1+ 39.Kf2 Bb6 40.
Kxe1 Bxc5 41.Ke2 Kd7 42.Kd3 f6 43.a4 Kc6 44.Ke4 Bb4 45.g3 Kc5 46.g4 Ba5 
0-1

[Event "35th POL-ch"]
[Site "Krakow POL"]
[Date "1978.??.??"]
[Round "7"]
[White "Schmidt, Wlodzimierz"]
[Black "Doda, Zbigniew"]
[Result "1/2-1/2"]
[WhiteElo "2505"]
[BlackElo "2405"]
[EventDate "1978.??.??"]
[PlyCount "51"]

1.c4 Nf6 2.Nc3 g6 3.g3 Bg7 4.Bg2 O-O 5.Nf3 c6 6.O-O d5 7.cxd5 cxd5 8.d4 
Ne4 9.Ne5 Nxc3 10.bxc3 Nc6 11.Nxc6 bxc6 12.Qa4 Qb6 13.Ba3 Qa6 14.Qxa6 Bxa6
15.Rfe1 Rfe8 16.Bf1 e6 17.e3 Bxf1 18.Kxf1 Bf8 19.Bxf8 Kxf8 20.Rab1 Reb8 
21.Rb3 Rb6 22.Reb1 Rab8 23.Rxb6 Rxb6 24.Rxb6 axb6 25.Ke2 Ke7 26.Kd3 
1/2-1/2

[Event "35th POL-ch"]
[Site "Krakow POL"]
[Date "1978.??.??"]
[Round "7"]
[White "Sydor, Andrzej"]
[Black "Pinkas, Karol"]
[Result "1-0"]
[WhiteElo "2395"]
[BlackElo "2360"]
[EventDate "1978.??.??"]
[PlyCount "47"]

1.d4 Nf6 2.c4 e6 3.Nf3 d5 4.Nc3 Bb4 5.cxd5 exd5 6.Bg5 O-O 
    ( 6...h6 )
    ( 6...Qd6 {/\ 7..Ne4} )
7.e3 c5 8.Be2 Bxc3+ 9.bxc3 Qa5 $2 10.Bxf6 Qxc3+ 11.Nd2 gxf6 12.Rc1 Qa5 13.
Rxc5 Qxa2 14.Bd3 $1 Nc6 15.O-O Rd8 $2 
    ( 15...Ne7 $5 )
16.Nb1 Be6 17.Nc3 Qa3 18.Qh5 Rac8 19.Qh6 f5 20.g4 Ne5 21.gxf5 $1 f6 22.
fxe6 Nxd3 23.Rxc8 Rxc8 24.Nxd5 1-0

[Event "35th POL-ch"]
[Site "Krakow POL"]
[Date "1978.??.??"]
[Round "7"]
[White "Sznapik, Aleksander"]
[Black "Lipski, Tadeusz"]
[Result "1-0"]
[WhiteElo "2430"]
[BlackElo "2310"]
[EventDate "1978.??.??"]
[PlyCount "77"]

1.c4 Nf6 2.Nc3 d5 3.cxd5 Nxd5 4.g3 g6 5.Bg2 Nb6 6.d3 Bg7 7.Be3 h6 8.Qc1 
Nc6 9.Bxc6+ bxc6 10.Nf3 Bh3 11.Nd2 Nd5 12.Nxd5 Qxd5 13.f3 a5 14.Kf2 Rb8 
15.Rb1 Bd7 16.b3 f5 17.Nc4 Kf7 18.Bd2 Rb5 19.a4 Rb4 20.Rd1 h5 21.h4 Rhb8 
22.Bxb4 Rxb4 23.d4 Kg8 24.Qg5 Qe6 25.Qe3 Qf6 26.Ne5 Be8 27.Rbc1 Qd6 28.Rc5
Qe6 29.Nxc6 Qxe3+ 30.Kxe3 Rxb3+ 31.Rd3 Rb6 32.Nxe7+ Kf7 33.Nd5 Re6+ 34.Kf2
Bxa4 35.Rxc7+ Kf8 36.e3 Be8 37.Rb3 a4 38.Rbb7 Bh6 39.Rh7 1-0

[Event "35th POL-ch"]
[Site "Krakow POL"]
[Date "1978.??.??"]
[Round "7"]
[White "Witkowski, Stefan"]
[Black "Skrobek, Ryszard"]
[Result "1/2-1/2"]
[WhiteElo "2365"]
[BlackElo "2460"]
[EventDate "1978.??.??"]
[PlyCount "80"]

1.c4 e5 2.Nc3 Nc6 3.e3 Nf6 4.Nf3 Bb4 5.Qc2 O-O 6.Nd5 Re8 7.Qf5 Be7 8.Nxe5 
Nxe5 9.Qxe5 Nxd5 10.cxd5 Bd6 11.Qf5 Re5 12.Qf3 Qg5 13.h4 Qe7 14.d4 Re4 15.
Be2 b6 16.O-O Bb7 17.Bd3 Bxd5 18.Bxe4 Qxh4 19.g3 Bxe4 20.Qxf7+ Kxf7 21.
gxh4 Bf3 22.e4 Bxe4 23.f3 Bd3 24.Rd1 Bc2 25.Rd2 Bf5 26.Re2 c5 27.dxc5 bxc5
28.b3 a5 29.Bb2 a4 30.Rd1 Be7 31.bxa4 Rxa4 32.Bxg7 Bxh4 33.Be5 Be6 34.Re4 
Rxe4 35.fxe4 Bxa2 36.Rxd7+ Ke6 37.Rxh7 Kxe5 38.Rxh4 c4 39.Kf2 Kd4 40.Kf3 
Bb1 1/2-1/2

[Event "35th POL-ch"]
[Site "Krakow POL"]
[Date "1978.??.??"]
[Round "8"]
[White "Adamski, Andrzej"]
[Black "Skrobek, Ryszard"]
[Result "1/2-1/2"]
[WhiteElo "2365"]
[BlackElo "2460"]
[EventDate "1978.??.??"]
[PlyCount "116"]

1.e4 e6 2.d4 d5 3.Nc3 Bb4 4.Ne2 dxe4 5.a3 Be7 6.Nxe4 Nf6 7.Nxf6+ Bxf6 8.
Be3 Nc6 9.Qd2 e5 10.d5 Ne7 11.O-O-O Nf5 12.Ng3 Nxe3 13.fxe3 O-O 14.c4 Be7 
15.Qc3 f5 16.Bd3 e4 17.Bc2 Bf6 18.Qb3 b6 19.Nh5 Qd6 20.Nxf6+ Rxf6 21.Qb4 
Qe5 22.g3 a5 23.Qd2 a4 24.Qb4 Bd7 25.d6 Rxd6 26.Rxd6 Qxd6 27.Qxd6 cxd6 28.
Rd1 Rc8 29.Rxd6 Be8 30.Rxb6 Rxc4 31.Rb4 Rc6 32.Kd2 Rh6 33.h4 Rg6 34.Bxa4 
Bxa4 35.Rxa4 Rxg3 36.b4 Kf7 37.b5 Rg2+ 38.Kc3 Ke6 39.b6 Kd7 40.Rc4 Rg6 41.
Rc7+ Kd8 42.Rf7 Rxb6 43.Rxf5 Rd6 44.Kc4 Kc7 45.Rc5+ Kb7 46.Re5 Rd3 47.Rxe4
Rxa3 48.Kd5 Kc8 49.Ke6 Ra5 50.Kf7 g5 51.h5 g4 52.Rxg4 Rxh5 53.Rc4+ Kd7 54.
e4 Rh4 55.Kf6 Rh6+ 56.Kg5 Rc6 57.Rxc6 Kxc6 58.Kf6 Kd7 1/2-1/2

[Event "35th POL-ch"]
[Site "Krakow POL"]
[Date "1978.??.??"]
[Round "8"]
[White "Adamski, Jan"]
[Black "Kruszynski, Wlodzimierz"]
[Result "1-0"]
[WhiteElo "2470"]
[BlackElo "2265"]
[EventDate "1978.??.??"]
[PlyCount "69"]

1.c4 Nf6 2.g3 e6 3.Bg2 Be7 4.Nf3 O-O 5.d4 d5 6.O-O b6 7.Nc3 Bb7 8.Ne5 Na6 
9.Be3 c5 10.Rc1 Re8 11.cxd5 exd5 12.Qd2 cxd4 13.Bxd4 Nc5 14.Rfd1 Bd6 15.
Bxc5 Bxc5 16.Nd3 Bf8 17.Nf4 Ne4 18.Qc2 Nxc3 19.Qxc3 Rc8 20.Qd2 Rxc1 21.
Rxc1 Re5 22.Rd1 Qe8 23.e3 Bc5 24.Nd3 Rf5 25.Nxc5 bxc5 26.Qc2 Re5 27.Qxc5 
h6 28.Qxa7 Bc6 29.Rc1 Re6 30.Qc5 Bb7 31.Qc7 Bc6 32.b4 Kh7 33.h4 Bb5 34.
Bxd5 Re5 35.Bxf7 1-0

[Event "35th POL-ch"]
[Site "Krakow POL"]
[Date "1978.??.??"]
[Round "8"]
[White "Doda, Zbigniew"]
[Black "Pokojowczyk, Jerzy"]
[Result "0-1"]
[WhiteElo "2405"]
[BlackElo "2385"]
[EventDate "1978.??.??"]
[PlyCount "84"]

1.Nf3 Nf6 2.c4 g6 3.g3 Bg7 4.Bg2 O-O 5.O-O d6 6.Nc3 Nc6 7.d3 a6 8.Bd2 Rb8 
9.a4 a5 10.Rb1 Nb4 11.Ne1 c6 12.Nc2 Bd7 13.h3 Ne8 14.Ne4 c5 15.Ne3 Bc6 16.
Bc3 e5 17.f4 f5 18.Nd2 exf4 19.Bxg7 Nxg7 20.gxf4 Qe8 21.Nd5 Bxa4 22.b3 Bc6
23.Ra1 b6 24.Rf2 Nh5 25.Nf1 Nf6 26.Nxb4 Bxg2 27.Kxg2 axb4 28.e3 d5 29.cxd5
Nxd5 30.Qf3 Qe6 31.Kh2 Rbe8 32.Re1 Qd6 33.Ng3 Nc3 34.e4 Qd4 35.e5 Rd8 36.
Rd2 Qd5 37.Qg2 Qxg2+ 38.Kxg2 Rd4 39.Kf3 Rfd8 40.Re3 Nd5 41.Re1 Rxf4+ 42.
Kg2 Rd4 0-1